[Event "Mondiale Lampo FIDE 2019"]
[Site "Mosca"]
[Date "29.12.2019"]
[Round "10.8"]
[White "Firouzja, Alireza"]
[Black "Jobava, Baadur"]
[Result "1-0"]
[WhiteTitle "GM"]
[BlackTitle "GM"]
[WhiteElo "2723"]
[BlackElo "2604"]
[WhiteFideId "12573981"]
[BlackFideId "13601520"]
[EventDate "2019.12.29"]

1. d4 d5 2. c4 c6 3. Nf3 Nf6 4. Qc2 a6 5. Nbd2 g6 6. e4 dxe4 7. Nxe4 Bg7 8.
Nxf6+ Bxf6 9. Be2 O-O 10. O-O Bf5 11. Qb3 b5 12. Bh6 Re8 13. a4 bxc4 14. Bxc4 e6
15. Rfe1 Nd7 16. h3 Rb8 17. Qa3 Qb6 18. Rac1 Be7 19. Qe3 Nf6 20. Qe5 Qd8 21. Ng5
Bd6 22. Qe2 Nd5 23. Qf3 Rxb2 24. g4 Bf4 25. Nxf7 Qc7 26. Bxf4 Qxf4 27. Ne5 Qxf3
28. Nxf3 Nf4 29. gxf5 Nxh3+ 30. Kg2 Nf4+ 31. Kg3 Nh5+ 32. Kg2 Nf4+ 33. Kf1 gxf5
34. Ng5 Rb4 35. Nxe6 Nxe6 36. Bxe6+ Kg7 37. Rxc6 Rxd4 38. Rxa6 Rb8 39. Bxf5 Rf4
40. Bd3 Rb3 41. Re7+ Kf8 42. Rxh7 Kg8 43. Ra8+ 1-0

[Event "Mondiale Lampo FIDE 2019"]
[Site "Mosca"]
[Date "29.12.2019"]
[Round "10.10"]
[White "Ponkratov, Pavel"]
[Black "Quparadze, Giga"]
[Result "1-0"]
[WhiteTitle "GM"]
[BlackTitle "GM"]
[WhiteElo "2632"]
[BlackElo "2462"]
[WhiteFideId "4157800"]
[BlackFideId "13602250"]
[EventDate "2019.12.29"]

1. e4 c5 2. Nf3 e6 3. c3 d5 4. e5 d4 5. Bd3 Bd7 6. O-O Bc6 7. Re1 Ne7 8. Na3 Ng6
9. cxd4 cxd4 10. Bf1 Bxa3 11. bxa3 O-O 12. Bb2 Bxf3 13. Qxf3 Nc6 14. Qg3 Qd5 15.
f4 f6 16. Bd3 fxe5 17. Bxg6 hxg6 18. fxe5 Rf5 19. Re2 Rxe5 20. Rxe5 Nxe5 21. Re1
Nc4 22. Bc1 d3 23. Qxg6 e5 24. a4 Rf8 25. h3 a5 26. Re4 Nd6 27. Rg4 Qc5+ 28. Kh2
Rf7 29. Bb2 Nf5 30. Qe6 Qd6 31. Qxd6 Nxd6 32. Bxe5 Nf5 33. Bc3 Rd7 34. Bxa5 Nd4
35. Bc3 Ne2 36. Bb4 Rc7 37. Re4 Rc2 38. a3 Nc1 39. Rd4 Rc7 40. a5 Kf7 41. Rd6
Kg8 42. Kg3 Rf7 43. Kg4 Kh7 44. Kg5 Rf2 45. g4 Rf3 46. Rd7 Ne2 47. Rxb7 Ng1 48.
Bc3 Nxh3+ 49. Kh4 Kh6 50. Bxg7+ Kg6 51. Be5 Kh6 52. Rb6+ Kh7 53. Bg3 Ng1 54. a6
Rf8 55. Kh5 Nf3 56. Rb7+ Kg8 57. a7 1-0

[Event "Mondiale Lampo FIDE 2019"]
[Site "Mosca"]
[Date "29.12.2019"]
[Round "10.11"]
[White "Vachier-Lagrave, Maxime"]
[Black "Petrosyan, Manuel"]
[Result "1/2-1/2"]
[WhiteTitle "GM"]
[BlackTitle "GM"]
[WhiteElo "2780"]
[BlackElo "2613"]
[WhiteFideId "623539"]
[BlackFideId "13300857"]
[EventDate "2019.12.29"]

1. c4 e6 2. Nf3 d5 3. e3 Nf6 4. b3 b6 5. Bb2 Bb7 6. Qc2 Be7 7. Be2 a6 8. g4 h6
9. Rg1 c5 10. g5 hxg5 11. Nxg5 Rh6 12. cxd5 Qxd5 13. Nc3 Qd7 14. Nf3 Nc6 15. a3
g6 16. O-O-O O-O-O 17. d4 Qc7 18. dxc5 bxc5 19. Na4 Rxd1+ 20. Rxd1 Rh5 21. h4
Rf5 22. e4 Rxf3 23. Nxc5 Rxf2 24. Nxb7 Qxb7 25. Kb1 Nd7 26. Bxa6 Qxa6 27. Qxf2
Nde5 28. Qe3 Bxa3 29. Bxe5 Nxe5 30. Qc3+ Nc6 31. Qh8+ Kc7 32. Qc3 Bb4 33. Qg3+
e5 34. Qf3 f5 35. exf5 gxf5 36. Qxf5 Qe2 37. Qc2 Qxc2+ 38. Kxc2 Nd4+ 39. Kd3 Kd6
40. h5 Kd5 41. h6 Bf8 42. h7 e4+ 43. Kc3 Bg7 44. b4 e3 45. Kd3 e2 46. Re1 Ke6
47. Rh1 Bh8 48. Kd2 Kd5 49. Kd3 Ke6 50. Rb1 Kf7 51. Kd2 Kg6 52. Rh1 Kf5 53. b5
Nxb5 54. Rh5+ Kg6 55. Rxb5 Kxh7 56. Kxe2 Kg6 57. Kf3 Bf6 58. Kg4 Bd4 59. Rd5 Be3
60. Rd6+ Kf7 61. Kf5 Bc5 62. Rc6 Bg1 63. Rc7+ Ke8 64. Ke6 Kd8 65. Rc2 Be3 66.
Rc3 Bg1 67. Rc4 Bf2 68. Rc2 Be3 69. Rg2 Kc7 70. Rb2 Kc6 71. Rb3 Bg1 72. Ke5 Kc5
73. Rc3+ Kb6 74. Kd6 Kb7 75. Ra3 Kb6 76. Ra1 Bf2 77. Rb1+ Ka7 78. Kc7 Ka8 79.
Rb3 Ba7 80. Rb4 Bg1 81. Ra4+ Ba7 82. Kc6 Kb8 83. Ra2 Be3 84. Rb2+ Ka8 85. Kb5
Kb7 86. Re2 Bf4 87. Re7+ Ka8 88. Kb6 Bb8 89. Re8 1/2-1/2

[Event "Mondiale Lampo FIDE 2019"]
[Site "Mosca"]
[Date "29.12.2019"]
[Round "10.13"]
[White "Petrosian, Tigran L."]
[Black "Nepomniachtchi, Ian"]
[Result "0-1"]
[WhiteTitle "GM"]
[BlackTitle "GM"]
[WhiteElo "2601"]
[BlackElo "2767"]
[WhiteFideId "13301616"]
[BlackFideId "4168119"]
[EventDate "2019.12.29"]

1. Nf3 d5 2. g3 Nc6 3. Bg2 e5 4. d3 Nf6 5. a3 Be7 6. b4 e4 7. Nfd2 e3 8. fxe3
O-O 9. O-O Re8 10. Kh1 Ng4 11. Nb3 Bf6 12. d4 Rxe3 13. c3 h5 14. Bxe3 Nxe3 15.
Qd3 Nxf1 16. Bxf1 a5 17. b5 Ne7 18. Bg2 h4 19. N1d2 a4 20. Nc5 hxg3 21. Qxg3 Nf5
22. Qf3 c6 23. bxc6 bxc6 24. Bh3 Nxd4 25. cxd4 Bxh3 26. Qxh3 Bxd4 27. Rc1 Qa5
28. Nf3 Be3 29. Rc2 Bxc5 30. Kg2 Be7 31. Qd7 Qa7 32. Qxc6 Bxa3 33. Qxd5 Bf8 34.
Ng5 Re8 35. Qd3 Qb7+ 36. e4 Be7 37. Nf3 a3 38. Qc4 Ra8 39. Ne5 Bf6 40. Ng4 Bb2 0-1

[Event "Mondiale Lampo FIDE 2019"]
[Site "Mosca"]
[Date "29.12.2019"]
[Round "10.14"]
[White "Giri, Anish"]
[Black "Iturrizaga Bonelli, Eduardo"]
[Result "1-0"]
[WhiteTitle "GM"]
[BlackTitle "GM"]
[WhiteElo "2769"]
[BlackElo "2597"]
[WhiteFideId "24116068"]
[BlackFideId "3901211"]
[EventDate "2019.12.29"]

1. d4 Nf6 2. c4 e6 3. Nf3 Bb4+ 4. Nbd2 O-O 5. a3 Be7 6. e4 d6 7. Be2 Nbd7 8. Qc2
e5 9. Nb1 exd4 10. Nxd4 Re8 11. Nc3 Bf8 12. O-O g6 13. Bg5 c6 14. Rad1 a5 15.
Kh1 Bg7 16. f4 h6 17. Bh4 Qc7 18. Bf3 Nc5 19. Rfe1 a4 20. Bg3 Nfd7 21. Ndb5 cxb5
22. Nxb5 Qa5 23. Nxd6 Rf8 24. e5 Nb6 25. Re2 Be6 26. Be1 Qa6 27. Bb4 Rac8 28.
Nxc8 Rxc8 29. Rd6 Bf8 30. Bxc5 Bxd6 31. Bxd6 Bxc4 32. Re1 Bd5 33. Qf2 Bxf3 34.
Qxf3 Nc4 35. Qd5 Qc6 36. Qd4 Qb6 37. Qxb6 Nxb6 38. h3 Nc4 39. Re4 b5 40. Re2 f5
41. Bb4 Kf7 42. e6+ Ke8 43. g4 Rc6 44. gxf5 gxf5 45. e7 Rg6 46. Re1 Nd6 47. Kh2
h5 48. h4 Nf7 49. Rd1 Rg4 50. Rc1 Rxh4+ 51. Kg3 Rg4+ 52. Kf3 1-0

[Event "Mondiale Lampo FIDE 2019"]
[Site "Mosca"]
[Date "29.12.2019"]
[Round "10.15"]
[White "Morozevich, Alexander"]
[Black "Chigaev, Maksim"]
[Result "0-1"]
[WhiteTitle "GM"]
[BlackTitle "GM"]
[WhiteElo "2659"]
[BlackElo "2631"]
[WhiteFideId "4116992"]
[BlackFideId "4108116"]
[EventDate "2019.12.29"]

1. e4 e5 2. Nf3 Nc6 3. Bb5 a6 4. Ba4 Nf6 5. d3 d6 6. c3 Bd7 7. Nbd2 g6 8. Nf1
Bg7 9. Bg5 O-O 10. Ne3 Qe8 11. Bb3 Kh8 12. O-O Rc8 13. Re1 Ng4 14. Nd5 f6 15.
Bh4 Nh6 16. d4 Bg4 17. h3 Bxf3 18. Qxf3 exd4 19. Rad1 Ne5 20. Qe2 dxc3 21. f4 g5
22. fxe5 gxh4 23. e6 Qxe6 24. Nxc7 Qe5 25. Ne6 cxb2 26. Nxf8 Rxf8 27. Rd5 Qc3
28. Bc2 Nf7 29. Rd3 Qc5+ 30. Kh1 Ne5 31. Rb3 b5 32. Rxb2 Bh6 33. Bb3 Bf4 34. Rf1
Qe3 35. Qxe3 Bxe3 36. Rc2 Bc5 37. Rf4 Kg7 38. Rxh4 f5 39. Rf4 fxe4 40. Rxf8 Kxf8
41. Re2 e3 42. g3 a5 43. Kg2 a4 44. Bd5 b4 45. Rc2 Nd3 46. Kf1 b3 47. axb3 Nb4
48. Rxc5 dxc5 49. bxa4 Nxd5 50. a5 c4 51. a6 c3 52. a7 Nb6 53. Ke2 c2 54. Ke1 0-1

[Event "Mondiale Lampo FIDE 2019"]
[Site "Mosca"]
[Date "29.12.2019"]
[Round "10.16"]
[White "Abdusattorov, Nodirbek"]
[Black "Wojtaszek, Radoslaw"]
[Result "1-0"]
[WhiteTitle "GM"]
[BlackTitle "GM"]
[WhiteElo "2635"]
[BlackElo "2725"]
[WhiteFideId "14204118"]
[BlackFideId "1118358"]
[EventDate "2019.12.29"]

1. e4 c6 2. Nc3 d5 3. Nf3 Bg4 4. h3 Bxf3 5. Qxf3 e6 6. d4 dxe4 7. Qxe4 Nf6 8.
Qd3 Be7 9. g3 Na6 10. a3 Qb6 11. Bg2 Rd8 12. Ne2 O-O 13. O-O c5 14. Be3 Nd5 15.
Bxd5 Rxd5 16. c4 Rdd8 17. d5 exd5 18. cxd5 Bf6 19. Rad1 Qxb2 20. Rb1 Qa2 21.
Rxb7 c4 22. Qd1 c3 23. Qd3 Rxd5 24. Qxa6 c2 25. Rc7 Rd1 26. Qc4 Qb1 27. Nc1
Rxf1+ 28. Kxf1 1-0

[Event "Mondiale Lampo FIDE 2019"]
[Site "Mosca"]
[Date "29.12.2019"]
[Round "10.17"]
[White "Zvjaginsev, Vadim"]
[Black "Le, Quang Liem"]
[Result "1/2-1/2"]
[WhiteTitle "GM"]
[BlackTitle "GM"]
[WhiteElo "2627"]
[BlackElo "2713"]
[WhiteFideId "4113403"]
[BlackFideId "12401137"]
[EventDate "2019.12.29"]

1. e4 c5 2. Nf3 Nc6 3. Bb5 g6 4. O-O Bg7 5. d3 e5 6. Bxc6 dxc6 7. Be3 b6 8. Nbd2
Qc7 9. a4 a5 10. Nc4 Be6 11. c3 Bxc4 12. dxc4 Nf6 13. Qc2 O-O 14. h3 Nh5 15.
Rad1 f5 16. Bc1 Nf6 17. exf5 gxf5 18. Qxf5 Rae8 19. Ng5 Qe7 20. Ne4 Nxe4 21.
Qxe4 Qe6 22. Qg4 Qxg4 23. hxg4 Kf7 24. Rd7+ Re7 25. Rfd1 Bf6 26. g5 Bg7 27. R1d6
Rc8 28. g6+ Ke8 29. Rxe7+ Kxe7 30. Rd1 hxg6 31. Kf1 Bf6 32. Ke2 Rh8 33. Be3 Ke6
34. g3 1/2-1/2

[Event "Mondiale Lampo FIDE 2019"]
[Site "Mosca"]
[Date "29.12.2019"]
[Round "10.18"]
[White "Petrov, Nikita"]
[Black "Zubov, Alexander"]
[Result "0-1"]
[WhiteTitle "GM"]
[BlackTitle "GM"]
[WhiteElo "2585"]
[BlackElo "2601"]
[WhiteFideId "4101286"]
[BlackFideId "14109409"]
[EventDate "2019.12.29"]

1. c4 Nf6 2. g3 c6 3. Bg2 d5 4. Nf3 g6 5. cxd5 cxd5 6. d4 Bg7 7. O-O O-O 8. Ne5
e6 9. Nc3 Nfd7 10. Nf3 Nc6 11. Bf4 Nb6 12. Rc1 a6 13. b3 Bd7 14. Qd2 Re8 15. Bh6
Bh8 16. h4 Ne7 17. h5 Rc8 18. Rc2 Bc6 19. Rfc1 Nd7 20. hxg6 hxg6 21. Bg5 Bg7 22.
Bh6 Bh8 23. Bg5 f6 24. Bf4 g5 25. Bd6 Nf5 26. Ba3 Bg7 27. e3 Qa5 28. Nb1 Qxd2
29. Nbxd2 Bf8 30. Bxf8 Kxf8 31. Ne1 Nd6 32. Nd3 a5 33. Nc5 Nxc5 34. Rxc5 Ra8 35.
Bf1 Ke7 36. f3 Rh8 37. Bd3 Kd7 38. Kg2 Rh6 39. Rh1 Rxh1 40. Kxh1 b6 41. Rc2 a4
42. Kg2 Bb5 43. Bxb5+ Nxb5 44. Kf2 axb3 45. Nxb3 Nd6 46. Nd2 f5 47. Rb2 Kc6 48.
Rc2+ Kd7 49. Rb2 Ra6 50. Ke2 g4 51. fxg4 fxg4 52. Nb1 Ne4 53. Nd2 Nxg3+ 54. Kd3
Ra3+ 55. Nb3 Ne4 56. Rh2 Kd6 57. Rc2 g3 58. Ke2 g2 59. Rc1 Rxa2+ 60. Kf3 Rf2+ 0-1

[Event "Mondiale Lampo FIDE 2019"]
[Site "Mosca"]
[Date "29.12.2019"]
[Round "10.20"]
[White "Sychev, Klementy"]
[Black "Grischuk, Alexander"]
[Result "1/2-1/2"]
[WhiteTitle "GM"]
[BlackTitle "GM"]
[WhiteElo "2563"]
[BlackElo "2777"]
[WhiteFideId "4114060"]
[BlackFideId "4126025"]
[EventDate "2019.12.29"]

1. e4 d5 2. exd5 Qxd5 3. Nc3 Qa5 4. d4 Nf6 5. Nf3 c6 6. h3 Bf5 7. Nh4 Bg6 8.
Nxg6 hxg6 9. g3 e6 10. Bg2 Nbd7 11. O-O Bd6 12. Ne2 O-O 13. c4 e5 14. Be3 Rad8
15. Qc2 exd4 16. Nxd4 Rfe8 17. Rfe1 Qc7 18. a3 a5 19. Rab1 Re7 20. b4 axb4 21.
axb4 Rde8 22. Bd2 Rxe1+ 23. Bxe1 Bf8 24. Bd2 Nb6 25. b5 cxb5 26. Nxb5 Qxc4 27.
Qxc4 Nxc4 28. Bf4 b6 29. Bf1 Na3 30. Nxa3 Bxa3 31. Rxb6 Ne4 32. Rb3 Bc5 33. Be3
Bxe3 1/2-1/2

[Event "Mondiale Lampo FIDE 2019"]
[Site "Mosca"]
[Date "29.12.2019"]
[Round "10.22"]
[White "Bluebaum, Matthias"]
[Black "Kamsky, Gata"]
[Result "1-0"]
[WhiteTitle "GM"]
[BlackTitle "GM"]
[WhiteElo "2644"]
[BlackElo "2677"]
[WhiteFideId "24651516"]
[BlackFideId "2000024"]
[EventDate "2019.12.29"]

1. d4 d5 2. c4 c6 3. Nc3 Nf6 4. e3 g6 5. Nf3 Bg7 6. Be2 O-O 7. O-O Qb6 8. b3 Bg4
9. h3 Bxf3 10. Bxf3 e6 11. Qe2 Nbd7 12. Bb2 a5 13. Rfd1 Rfd8 14. e4 dxe4 15.
Bxe4 Re8 16. Bc2 Rad8 17. Rd2 Qc7 18. Rad1 Nb6 19. Qf3 Rd7 20. Ne2 Qd8 21. Bc3
Qa8 22. d5 e5 23. dxc6 Rxd2 24. Rxd2 bxc6 25. Rd6 e4 26. Qe3 Nfd7 27. Bxg7 Kxg7
28. Qd4+ Kg8 29. Rxd7 Nxd7 30. Qxd7 e3 31. fxe3 Rxe3 32. Kf2 Re6 33. Nd4 Rf6+
34. Nf3 Qb8 35. Qd4 Re6 36. c5 h5 37. Bd3 Qb4 38. Qxb4 axb4 39. Nd4 Re5 40. Nxc6
Rxc5 41. Nxb4 f5 42. a4 Kf7 43. Bc4+ Kf6 44. Nd3 Ra5 45. Bb5 Ra8 46. b4 Rc8 47.
a5 Rc2+ 48. Kf1 Ra2 49. a6 g5 50. Nc5 f4 51. Ba4 Ra1+ 52. Ke2 Ra2+ 53. Kd3 1-0

[Event "Mondiale Lampo FIDE 2019"]
[Site "Mosca"]
[Date "29.12.2019"]
[Round "10.23"]
[White "Donchenko, Alexander"]
[Black "Aronian, Levon"]
[Result "1/2-1/2"]
[WhiteTitle "GM"]
[BlackTitle "GM"]
[WhiteElo "2644"]
[BlackElo "2775"]
[WhiteFideId "24603295"]
[BlackFideId "13300474"]
[EventDate "2019.12.29"]

1. c4 e5 2. g3 Nf6 3. Bg2 d5 4. cxd5 Nxd5 5. Nc3 Nb6 6. Nf3 Nc6 7. O-O Be7 8. b3
O-O 9. Bb2 Re8 10. Rc1 Bf8 11. d3 Bg4 12. h3 Bh5 13. Ne4 f6 14. Nc5 Bxc5 15.
Rxc5 Qd7 16. b4 a6 17. a3 Rad8 18. Qc2 Re7 19. Rc1 Qe8 20. Nh4 Re6 21. g4 Bf7
22. Bxc6 bxc6 23. Rxc6 Nd5 24. e3 h5 25. Nf5 hxg4 26. hxg4 Ne7 27. Rxc7 Nxf5 28.
gxf5 Red6 29. Rc8 Rxc8 30. Qxc8 Rxd3 31. Qxe8+ Bxe8 32. Rc8 Kf7 33. Rc7+ Rd7 34.
Rxd7+ Bxd7 35. f4 exf4 36. exf4 Bxf5 37. Kf2 1/2-1/2

[Event "Mondiale Lampo FIDE 2019"]
[Site "Mosca"]
[Date "29.12.2019"]
[Round "10.24"]
[White "Timofeev, Artyom"]
[Black "Tari, Aryan"]
[Result "0-1"]
[WhiteTitle "GM"]
[BlackTitle "GM"]
[WhiteElo "2588"]
[BlackElo "2634"]
[WhiteFideId "4140419"]
[BlackFideId "1510045"]
[EventDate "2019.12.29"]

1. c4 g6 2. g3 Bg7 3. Bg2 c5 4. Nc3 Nc6 5. Nf3 d6 6. d3 e6 7. Bf4 Nge7 8. Qd2 h6
9. h4 e5 10. Be3 Nf5 11. Nd5 Nxe3 12. Qxe3 Be6 13. Qd2 f5 14. h5 g5 15. g4 fxg4
16. Nh2 O-O 17. Ne3 Qd7 18. Bd5 Rf4 19. Rg1 Raf8 20. Bxe6+ Qxe6 21. Nhxg4 e4 22.
O-O-O Nd4 23. Kb1 Rxf2 24. Nxf2 Rxf2 25. Rg2 Rf8 26. Nd5 Qh3 27. e3 Nf3 28. Qe2
exd3 29. Rxd3 Qxh5 30. a3 Qh3 31. Ka2 Ne1 32. Rh2 Nxd3 33. Ne7+ Kf7 34. Qd2 Qe6
35. Nd5 Nxb2 36. Qc2 Kg8 37. Rd2 Qe5 38. Kb3 b5 39. cxb5 c4+ 40. Ka2 c3 41. Rd4
Qe6 42. Qb3 Bxd4 43. exd4 Kg7 44. a4 Nd3 45. Ka3 Rc8 46. Nxc3 Qxb3+ 47. Kxb3 g4
48. Ne4 d5 49. Nd6 Rd8 50. Nf5+ Kf6 51. Nxh6 g3 52. Ng4+ Kg5 53. Ne3 Kf4 0-1

[Event "Mondiale Lampo FIDE 2019"]
[Site "Mosca"]
[Date "29.12.2019"]
[Round "10.25"]
[White "Amin, Bassem"]
[Black "Predke, Alexandr"]
[Result "1-0"]
[WhiteTitle "GM"]
[BlackTitle "GM"]
[WhiteElo "2683"]
[BlackElo "2676"]
[WhiteFideId "10601457"]
[BlackFideId "24107581"]
[EventDate "2019.12.29"]

1. Nf3 Nf6 2. g3 b6 3. Bg2 Bb7 4. O-O e6 5. d3 d5 6. Nbd2 Nbd7 7. e4 dxe4 8.
dxe4 Nxe4 9. Nxe4 Bxe4 10. Qe2 Bb7 11. Rd1 Bd6 12. Bg5 Qb8 13. Nd4 O-O 14. Nc6
Qe8 15. Rxd6 cxd6 16. Ne7+ Kh8 17. Bxb7 Rb8 18. Bc6 h6 19. Rd1 d5 20. c4 Rc8 21.
Nxc8 Qxc8 22. Bxd7 Qxd7 23. Bf4 f6 24. cxd5 exd5 25. Qd3 Rd8 26. Rc1 Qe6 27. h4
d4 28. b3 Qd5 29. Rd1 Re8 30. Be3 1-0

[Event "Mondiale Lampo FIDE 2019"]
[Site "Mosca"]
[Date "29.12.2019"]
[Round "10.26"]
[White "Zhigalko, Sergei"]
[Black "Kobalia, Mikhail"]
[Result "0-1"]
[WhiteTitle "GM"]
[BlackTitle "GM"]
[WhiteElo "2571"]
[BlackElo "2609"]
[WhiteFideId "13502956"]
[BlackFideId "4119150"]
[EventDate "2019.12.29"]

1. e4 c6 2. d4 d5 3. e5 Bf5 4. Nf3 e6 5. Be2 Ne7 6. c3 Nd7 7. O-O Nc8 8. Nbd2
Be7 9. Re1 O-O 10. Nf1 c5 11. Ng3 Bg6 12. dxc5 Nxc5 13. Be3 Nb6 14. b3 Ne4 15.
Bd4 Rc8 16. Nxe4 dxe4 17. Nd2 Nd5 18. Bc4 e3 19. Bxe3 Nxc3 20. Qf3 b5 21. Bf1
Qa5 22. a4 bxa4 23. bxa4 Nd5 24. Nc4 Qc7 25. Bd2 Nb4 26. Rac1 Nc2 27. Red1 Rfd8
28. Ba5 Rxd1 29. Qxd1 Qc5 30. Qd7 Bf8 31. h3 h6 32. Bd2 Rc7 33. Qd8 Rc8 34. Qd7
Rb8 35. Ne3 Qd4 36. Qxd4 Nxd4 37. Nc4 Nb3 38. Rd1 Rd8 39. Be2 Bc2 40. Rc1 Rxd2
41. Re1 Rxe2 42. Rxe2 Bd3 43. Re3 Bxc4 44. Rc3 Bd5 45. Rc7 a5 46. Ra7 g5 0-1

[Event "Mondiale Lampo FIDE 2019"]
[Site "Mosca"]
[Date "29.12.2019"]
[Round "10.27"]
[White "Rakhmanov, Aleksandr"]
[Black "Anton Guijarro, David"]
[Result "1/2-1/2"]
[WhiteTitle "GM"]
[BlackTitle "GM"]
[WhiteElo "2645"]
[BlackElo "2685"]
[WhiteFideId "4173708"]
[BlackFideId "2285525"]
[EventDate "2019.12.29"]

1. d4 f5 2. Bf4 Nf6 3. e3 d6 4. Nc3 e6 5. Bd3 Nc6 6. Nf3 Be7 7. h3 O-O 8. Qe2
Nb4 9. Bc4 a6 10. a3 Nbd5 11. Nxd5 Nxd5 12. Bh2 b5 13. Bd3 Nf6 14. c4 bxc4 15.
Bxc4 Ne4 16. O-O a5 17. Rac1 Bd7 18. Nd2 Nxd2 19. Qxd2 Kh8 20. Rc3 a4 21. Rfc1
Ra7 22. Qc2 Qb8 23. b4 axb3 24. Qxb3 Qxb3 25. Bxb3 Bd8 26. a4 g5 27. f4 gxf4 28.
Bxf4 Kg7 29. R3c2 h5 30. Ra2 Kg6 31. a5 Bg5 32. Bxg5 Kxg5 33. a6 Rb8 34. Bc4 Rb4
35. Be2 Bb5 36. Bxb5 Rxb5 37. Rac2 Rxa6 38. Rxc7 Rb2 39. R7c2 Rxc2 40. Rxc2 f4
41. Kf2 fxe3+ 42. Kxe3 Ra3+ 43. Kf2 Rd3 44. Re2 Kf5 45. g4+ Kf6 46. g5+ Kxg5 47.
Rxe6 Rxd4 48. Ke3 Rd5 49. Ke4 Rd1 50. Kf3 Kh4 51. Rh6 d5 52. Ke3 Rg1 53. Kf4 Re1
54. Rd6 Rd1 55. Rh6 Ra1 56. Ke5 Ra5 57. Kd4 Rb5 58. Rh8 Ra5 59. Rh7 Ra3 60. Kxd5
Rxh3 61. Ke4 Rg3 62. Kf4 Rg8 63. Kf3 Rg5 64. Kf2 Kh3 65. Rf7 Kh2 66. Rf8 h4 67.
Rf7 h3 68. Rf8 Rg7 69. Rf6 Ra7 70. Rf8 Ra2+ 71. Kf1 Ra1+ 72. Kf2 1/2-1/2

[Event "Mondiale Lampo FIDE 2019"]
[Site "Mosca"]
[Date "29.12.2019"]
[Round "10.28"]
[White "Gareyev, Timur"]
[Black "Jakovenko, Dmitry"]
[Result "1/2-1/2"]
[WhiteTitle "GM"]
[BlackTitle "GM"]
[WhiteElo "2598"]
[BlackElo "2698"]
[WhiteFideId "14200937"]
[BlackFideId "4122356"]
[EventDate "2019.12.29"]

1. Nf3 d5 2. c4 e6 3. g3 Nf6 4. Bg2 Be7 5. O-O O-O 6. b3 c5 7. e3 Nc6 8. Bb2 b6
9. Nc3 Ba6 10. Qe2 Rc8 11. d3 Qd7 12. Rad1 Rfd8 13. a4 Qe8 14. e4 dxc4 15. bxc4
Nd4 16. Nxd4 cxd4 17. Nb5 Bxb5 18. axb5 e5 19. f4 Nd7 20. Bh3 Rc7 21. Bxd7 Rcxd7
22. fxe5 Bc5 23. Qh5 Re7 24. Rf5 g6 25. Qg5 Re6 26. Rdf1 Rd7 27. Bc1 Bf8 28. Qg4
Bg7 29. R5f2 Bxe5 30. Bh6 Bg7 31. Qf4 g5 32. Bxg5 Rg6 33. Bh4 Bh6 34. Qf5 Be3
35. Bf6 Qe6 36. Kg2 Bxf2 37. Rxf2 Qxf5 38. Rxf5 a6 39. bxa6 Ra7 40. Bxd4 Rxa6
41. Rd5 Kf8 42. e5 Ke7 43. Kf3 Ra2 44. h4 h5 45. Be3 f6 46. exf6+ Rxf6+ 47. Bf4
Ra3 48. Ke4 Re6+ 49. Kd4 Re2 50. Bd6+ 1/2-1/2

[Event "Mondiale Lampo FIDE 2019"]
[Site "Mosca"]
[Date "29.12.2019"]
[Round "10.29"]
[White "Indjic, Aleksandar"]
[Black "Yanchenko, Roman"]
[Result "1-0"]
[WhiteTitle "GM"]
[BlackTitle "FM"]
[WhiteElo "2619"]
[BlackElo "2463"]
[WhiteFideId "911925"]
[BlackFideId "4137329"]
[EventDate "2019.12.29"]

1. Nf3 d5 2. d3 Nf6 3. Nbd2 Bf5 4. g3 e6 5. Nh4 Bg6 6. Bg2 Bc5 7. h3 Nbd7 8.
Nxg6 hxg6 9. e3 a6 10. Qe2 Qe7 11. a3 Ba7 12. c4 c6 13. b4 c5 14. Rb1 O-O 15. g4
cxb4 16. axb4 Rad8 17. c5 Nb8 18. h4 e5 19. g5 Nh5 20. Ba3 Rfe8 21. O-O a5 22.
Rfc1 axb4 23. Bxb4 Nc6 24. Ba3 Bb8 25. Qg4 Qc7 26. Nf1 Qe7 27. Rb3 e4 28. d4 Qc7
29. Rcb1 Re7 30. Rb6 Rf8 31. f4 exf3 32. Qxf3 Rd8 33. Qg4 f5 34. gxf6 Nxf6 35.
Qxg6 Rf7 36. Rxb7 Qxb7 37. Rxb7 Rxb7 38. h5 Kh8 39. h6 Ng8 40. Qxc6 Ra7 41. Qb6
Rf8 42. Bb2 Nf6 43. e4 dxe4 44. d5 Raf7 45. hxg7+ Kxg7 46. Ne3 Kg8 47. Qe6 Re8
48. Qf5 Nd7 49. Qg6+ Kf8 50. Qh6+ Kg8 51. Qh8# 1-0

[Event "Mondiale Lampo FIDE 2019"]
[Site "Mosca"]
[Date "29.12.2019"]
[Round "10.30"]
[White "Motylev, Alexander"]
[Black "Antipov, Mikhail Al."]
[Result "1-0"]
[WhiteTitle "GM"]
[BlackTitle "GM"]
[WhiteElo "2640"]
[BlackElo "2549"]
[WhiteFideId "4121830"]
[BlackFideId "4107012"]
[EventDate "2019.12.29"]

1. e4 e5 2. Nf3 Nc6 3. Bb5 Nf6 4. d3 Ne7 5. d4 Nxe4 6. dxe5 c6 7. Bd3 Nc5 8. Bc4
b5 9. Bb3 Ng6 10. O-O Be7 11. Re1 O-O 12. Nd4 Re8 13. Nf5 Bf8 14. Nd6 Bxd6 15.
exd6 Rxe1+ 16. Qxe1 Qf8 17. Bg5 Nxb3 18. Be7 Nxa1 19. Bxf8 Nxc2 20. Qd2 Nxf8 21.
Qxc2 Ne6 22. Nc3 a6 23. Ne4 a5 24. Nc5 a4 25. Nxe6 fxe6 26. a3 Ba6 27. Qc5 b4
28. Qxb4 Bb5 29. h4 Rf8 30. b3 Ra8 31. h5 axb3 32. Qxb3 Ra4 33. Qe3 h6 34. Qb6
Kh7 35. Qc7 c5 36. Qxc5 Bc6 37. f3 Rf4 38. Qc2+ Kh8 39. Qg6 Rd4 40. Qe8+ Kh7 41.
Qe7 Rd3 42. Qf7 Rxa3 43. Kf2 Ra5 44. Qg6+ Kh8 45. g4 Ra2+ 46. Ke1 Ra1+ 47. Kd2
Ra4 48. Qe8+ Kh7 49. Qf7 Rd4+ 50. Ke3 Rxd6 51. g5 hxg5 52. Qg6+ Kh8 53. h6 gxh6
54. Qe8+ 1-0

[Event "Mondiale Lampo FIDE 2019"]
[Site "Mosca"]
[Date "29.12.2019"]
[Round "10.31"]
[White "Vavulin, Maxim"]
[Black "Christiansen, Johan-Sebastian"]
[Result "1-0"]
[WhiteTitle "GM"]
[BlackTitle "GM"]
[WhiteElo "2556"]
[BlackElo "2597"]
[WhiteFideId "4169530"]
[BlackFideId "1512668"]
[EventDate "2019.12.29"]

1. e4 e5 2. Nf3 Nc6 3. Bb5 f5 4. Nc3 fxe4 5. Nxe4 d5 6. Nxe5 dxe4 7. Nxc6 Qd5 8.
c4 Qd6 9. Nxa7+ Bd7 10. Bxd7+ Qxd7 11. Nb5 Nf6 12. d4 exd3 13. O-O c6 14. Nc3
Bc5 15. Re1+ Kf7 16. Ne4 Nxe4 17. Rxe4 Rhe8 18. Qf3+ Kg8 19. Be3 Rxe4 20. Qxe4
Re8 21. Qf3 Bxe3 22. fxe3 d2 23. Qe2 Qd6 24. Rd1 Rd8 25. b3 Qb4 26. h3 Qc3 27.
Kh2 Rd3 28. Kg1 Rd8 29. e4 Qd4+ 30. Kh1 Qc3 31. e5 Re8 32. Qxd2 Qxe5 33. Kg1 h6
34. Qf2 Qc3 35. Rd7 Qa1+ 36. Kh2 Qe5+ 37. Qg3 Qxg3+ 38. Kxg3 Re2 39. Rxb7 Rxa2
40. b4 Rc2 41. c5 Rc4 42. Kf3 Rc2 43. g4 Kh7 44. h4 Rc3+ 45. Kf4 Kg6 46. Ke5 Rc4
47. h5+ Kh7 48. Kd6 Rxg4 49. Kxc6 Rg5 50. Kb6 Rxh5 51. c6 Rh4 52. b5 Rc4 53. Rd7
h5 54. c7 h4 55. Rd5 1-0